Động hóa học và thiết bị phản ứng trong công nghệ hóa học

Guardat en:
Dades bibliogràfiques
Autor principal: Nguyễn Hoa Toàn
Format: Llibre
Idioma:Undetermined
Publicat: H. KHKT 2004
Matèries:
Etiquetes: Afegir etiqueta
Sense etiquetes, Sigues el primer a etiquetar aquest registre!
Thư viện lưu trữ: Trung tâm Học liệu Trường Đại học Cần Thơ
LEADER 00592nam a2200205Ia 4500
001 CTU_62577
008 210402s9999 xx 000 0 und d
020 |b 21000 
082 |a 660.282 
082 |b T406 
100 |a Nguyễn Hoa Toàn 
245 0 |a Động hóa học và thiết bị phản ứng trong công nghệ hóa học 
245 0 |c Nguyễn Hoa Toàn 
260 |a H. 
260 |b KHKT 
260 |c 2004 
650 |a chemical engineering 
650 |x equipment and supplies 
904 |i Minh 
980 |a Trung tâm Học liệu Trường Đại học Cần Thơ